000 00410nam a2200181Ia 4500
001 9768
005 20260306161742.0
008 260306t2002||||xx |||||||||||||| ||spa||
041 _aESP
082 _a415
_bG96
100 _aGutiérrez Ordóñez, Salvador
_eAUT
245 0 _aAnálisis sintáctico
260 _c2002
300 _a
_c21 cm.
650 _aGEN
654 _aCED
942 _cLIB
_dJUS
_fJUS
_2ddc
_n
999 _c9768
_d9768